00539nam a2200169Ia 4500999001700000003000400017005001700021008004100038040000900079082002200088100003200110245009100142260004700233300000900280650002900289942005100318 c35929d35929OSt20201211100037.0190216s9999||||xx |||||||||||||| ||und|| coclc a352.054792bPIN/T aPinto, David Anthony 97361 4aThe Mayor The Commissioner And The Metropolitan Administration /cDavid Anthony Pinto bVikas Publishing House,c1987.aNew Delhi: a273p aAdmission To Engineering cREF2ddch352.054792iPIN/Tk352.054792mPIN/T